[Event "USA-ch Gr-B"]
[Site "Denver"]
[Date "1998.11.01"]
[Round "2"]
[White "Kaidanov, Gregory S"]
[Black "Benjamin, Joel"]
[Result "1-0"]
[WhiteElo "2625"]
[BlackElo "2595"]
[Annotator "Horn,Pe"]
[PlyCount "115"]
[EventDate "1998.10.31"]
[EventType "tourn"]
[EventRounds "7"]
[EventCountry "USA"]
[EventCategory "13"]
[SourceTitle "CBM 068"]
[Source "ChessBase"]
[SourceDate "1999.02.01"]
[SourceVersion "1"]
[SourceVersionDate "1999.02.01"]
[SourceQuality "1"]

1. e4 c5 2. Nf3 e6 3. d3 Nc6 4. g3 d5 5. Nbd2 g6 6. Bg2 Bg7 7. O-O Nge7 8. Re1
b6 9. c3 Bb7 10. Qe2 {Hier gibt es reichlich Erfahrung mit den Alternativen:} (
10. Nf1) (10. e5) (10. a3) (10. h4) (10. exd5) 10... Qd7 (10... Qc7 11. h4 (11.
Nf1 O-O $6 12. e5 Rad8 13. Bf4 Qc8 14. h4 $14 {Vukovic,I-Malfagia,A/Caorle
1988/EXT 99}) (11. exd5 Nxd5 12. Nc4 O-O 13. a4 Rfe8 14. a5 Rad8 15. axb6 axb6
$11 {Jansa,V-Koutsin,S/Austria 1996/EXT 98}) 11... h6 12. Nf1 d4 13. c4 e5 14.
h5 Bc8 15. N1h2 O-O 16. Nh4 Bd7 $11 {Davies,N-Raupp,T/BL8788 1988/GER-chT}) (
10... Ba6 {So kann Schwarz mit einem Aufwand an Zeit eine Klärung im Zentrum
erzwingen.} 11. exd5 exd5 12. Nf1 O-O 13. Bf4 Qd7 (13... Re8 {1/2-1/2 Casper,
T-Gruenberg,H/DDR-ch Stralsund 1988/EXT 88ch}) 14. Qd2 $14 {Damljanovic,
B-Levin,F/Belgrade 1992/CBM 31}) (10... h6 11. h4 Qd7 (11... Qc7 12. Nf1 Rd8
13. e5 Ba6 $6 14. N1h2 Nf5 15. Ng4 b5 16. Nf6+ Kf8 17. Bf4 b4 18. a3 $36 {
Domont,A-Goldstern,F/SWZ 1997/EXT 99}) (11... d4 12. c4 e5 13. h5 Qc7 14. Nh4
$13 {Sofieva,A-Mukhin,M/Baku 1991/EXT 99}) 12. a3 Rd8 13. e5 g5 14. hxg5 hxg5
15. Nxg5 Nxe5 16. Ndf3 N7g6 17. d4 Nxf3+ 18. Nxf3 cxd4 19. cxd4 Rc8 20. Bd2 $14
{Van Wely,L-Sadler,M/Monte Carlo 1998/CBM 63 ext Wegen der besseren
Königsstellung wäre ich hier lieber Weiß.}) 11. Nf1 h6 12. h4 dxe4 {Schwarz
deutet an, daß er nicht an einer prinzipiellen Auseinandersetzung interessiert
ist: der Tausch kommt Weiß etwas entgegen.} (12... d4 13. c4 e5 14. h5 g5 (
14... O-O $5) 15. N3h2 Nd8 16. a3 a5 17. Rb1 Ne6 18. Bh3 $16 {Titov,G-Khait,A/
Warsaw op 1992}) 13. dxe4 {In Casper-Vogt/Leipzig/1988 wurde hier remis
gegeben.} O-O-O 14. Ne3 Qd3 15. Qxd3 Rxd3 16. Bf1 {Dieses Endspiel ist für
Weiß angenehmer zu spielen.} Rd7 17. Nc4 {[%cal Ya2a4]} b5 $6 {Ohne diesen Zug
bleibt Weiß wegen des dominierenden Nc4 klar in der Vorderhand.} 18. Ncd2 $146
(18. Ne3 a6 19. a4 c4 (19... Na5 {Georgadze} 20. axb5 Nb3 21. Ra4 $1 Nxc1 22.
Rxc1 $16) 20. axb5 axb5 21. Nc2 $14 {[%csl Rb5,Rc4] Georgadze,G-Conquest,S/
Calcutta op 1994}) (18. Na3 {Georgadze} b4 19. cxb4 Nxb4 $13) 18... c4 (18...
b4 $6 19. e5 $1) 19. a4 a6 20. axb5 {Eigentlich ist erst das neu:} ({Georgadze
gab nur an:} 20. e5 g5 $1 $132) 20... axb5 21. Nb1 $1 $16 {[%csl Rb5][%cal
Yb1a3,Yb2b3] Es zeigt sich, daß der schwarze Q-flügel schwach ist.} Nb8 22. Na3
({Fritz möchte gleich zur Sache gehen. Der Partieverlauf zeigt aber, daß Weiß
sich damit ruhig Zeit lassen kann.} 22. b3 b4 (22... cxb3 23. Ra3 $16) 23. Ra4
Nbc6 24. bxc4 bxc3 25. e5 g5 26. Nxc3 gxh4 {Hier hat Schwarz mehr Gegenspiel
als nach 28.b3.}) 22... Bc6 23. Bf4 Rhd8 (23... g5 24. hxg5 hxg5 25. Bxg5 $16)
24. Ne5 Bxe5 25. Bxe5 $16 {[%csl Ge5]} Ra7 26. Bf4 (26. b3 $5) 26... h5 27. f3
Kb7 28. b3 cxb3 29. Reb1 $18 Nd7 30. Nxb5 (30. Rxb3 $6 Rda8 31. Bxb5 Bxb5 32.
Rxb5+ Kc6 {wäre weniger klar.}) 30... Rxa1 31. Rxa1 Bxb5 (31... e5 32. Be3 $18)
32. Bxb5 Nc5 (32... Nc6 33. Rb1 Na5 34. Rd1 $18) 33. Be3 Rc8 34. Rb1 f5 35. Bc4
fxe4 36. fxe4 Kc6 (36... Nxe4 37. Rxb3+ Kc7 38. Bxe6 $18) 37. Bxc5 Kxc5 38.
Bxe6 Rd8 39. Rxb3 Rd3 40. Kf2 Nc6 41. Ra3 Ne5 42. Bh3 Rd2+ 43. Kf1 Kc4 44. Ra5
Nf3 45. Bg2 Nh2+ 46. Kg1 Ng4 47. Bf3 Nf2 (47... Kxc3 48. Bxg4 hxg4 49. Rg5 $18)
48. Kf1 Kxc3 49. e5 Nd3 50. Be2 Nb4 51. Rc5+ Kb2 52. e6 Nd5 53. Ke1 Rd4 54. Rc4
Rxc4 55. Bxc4 Ne7 56. Kd2 Nf5 57. Bd3 Ne7 58. Bc2 1-0

[Event "Donetzk zt"]
[Site "Donetsk"]
[Date "1998.11.13"]
[Round "11"]
[White "Malaniuk, Vladimir P"]
[Black "Kopylov, Michael"]
[Result "1/2-1/2"]
[WhiteElo "2590"]
[BlackElo "2385"]
[Annotator "Horn,Pe"]
[PlyCount "98"]
[EventDate "1998.11.02"]
[EventType "swiss"]
[EventRounds "11"]
[EventCountry "UKR"]
[SourceTitle "CBM 068"]
[Source "ChessBase"]
[SourceDate "1999.02.01"]
[SourceVersion "1"]
[SourceVersionDate "1999.02.01"]
[SourceQuality "1"]

1. e4 c5 2. d3 Nc6 3. g3 d5 4. Nd2 Nf6 5. Bg2 g6 6. Ngf3 Bg7 7. O-O O-O {
Es ist jetzt die Fianchettovariante der Königsindischen Verteidigung mit
vertauschten Farben entstanden.} 8. c3 (8. Re1 {ist die Alternative.}) 8... Qc7
(8... dxe4 9. dxe4 h6 {wird in ECO als Hauptvariante geführt.} (9... Qc7 10.
Qe2 Ng4 (10... Rd8 11. Nc4 Ng4 12. h3 Nge5 13. Nfxe5 Nxe5 14. Nxe5 Bxe5 15. f4
Bg7 16. Be3 b6 17. Rad1 Be6 18. e5 Rxd1 19. Rxd1 Rd8 $11 {Niermann,M-Holzke,F/
BL2-W/1995}) 11. h3 Nge5 12. Nxe5 Nxe5 13. f4 Nc6 14. Nc4 b5 15. Ne3 b4 16. e5
Rb8 17. Nd5 Qa5 18. cxb4 cxb4 19. Rd1 $16 {Strikovic,A-Petursson,M/Oviedo 1993/
CBM 38 ext}) (9... Ng4 10. Qe2 Nge5 11. Ne1 Qb6 12. f4 Ng4 13. Nc2 Rd8 14. h3
Nf6 15. Ne3 Be6 16. g4 Qc7 17. f5 Bd7 18. Nd5 Qg3 19. Nc4 $14 {Klarenbeek,
H-Panchenko,A/Badalona 1997/EXT 99}) (9... b6 10. Qe2 Ne8 11. Rd1 Nc7 12. Nc4
Qe8 13. Ne3 $14 {Knezevic-Bertok/YU-ch/1977}) 10. Qe2 Be6 11. Ne1 (11. h3 Qb6
12. Nh4 $6 Rad8 13. f4 Rd3 $1 14. Kh2 Rfd8 15. f5 gxf5 16. Nxf5 Qc7 17. Rf3
Rxf3 18. Bxf3 Ne5 19. Bg2 Nd3 20. Nxg7 Kxg7 21. Nf3 c4 22. Be3 Rh8 23. e5 Nd7
24. Bd4 Kf8 $132 {Carlier,B-Akopian,V/Groningen op/1990}) (11. Re1 Qb6 12. Nf1
Rad8 13. h3 c4 14. Be3 Qa6 15. Nd4 Ne5 16. Red1 Nd3 17. b3 Nd7 18. Nd2 N7c5 19.
Nxe6 Qxe6 20. Nxc4 Bxc3 21. Rab1 Bg7 $11 {Mirumian,V-Akopian,V/ARM-ch Erevan
1995/CBM 50}) 11... Qb6 12. h3 Rad8 13. Kh2 Nh7 14. f4 $14 {
Petrosian-Reshevsky, Zürich 1953}) (8... e5 {führt zu grundsätzlich anderen
Stellungsproblemen.Dazu gibt es auch reichlich Erfahrung.}) 9. Re1 (9. Qe2 Rd8
10. h3 dxe4 11. dxe4 e5 $6 12. Nh2 $6 Be6 $13 {Guo Shizhong-Fan Huilian/PRC-ch/
1987}) 9... Rd8 (9... dxe4 10. dxe4 Rd8 {[%cal Yf6g4,Yg4e5] Diese Verteidigung
wendet Petursson häufig und mit Erfolg an. Seine Partien verdienen deswegen
besondere Aufmerksamkeit. Ein typisches Manöver ist Nf6-g4-e5, um den Vorstoß
e4-e5 zu entkräften, und eventuell bis nach d3 vorzudringen.} (10... Ng4 {
Normalerweiser führt das nur zu Zugumstellungen.} 11. h3 (11. Qe2) (11. Qc2) (
11. Nc4) 11... Nge5 12. Nxe5 Nxe5 13. Nf3 Rd8 14. Qe2 Nd3 15. Rd1 Nxc1 16.
Rxd8+ Qxd8 17. Rxc1 Qc7 18. Re1 Bh6 19. e5 Be6 $15 {Georgandzis,K-Oney,F/
Athens/1992/TD}) 11. Qe2 (11. Qc2 Ng4 12. Nc4 (12. Nf1 b6 13. Bf4 Nge5 14. Nxe5
Bxe5 15. Bxe5 Nxe5 16. Ne3 e6 17. f4 Nd3 18. Re2 c4 19. Qa4 Bb7 20. Qxc4 Qxc4
21. Nxc4 Ba6 $132 {Todorcevic,M-Petursson,M/Marseille 1988}) (12. Bf1 b6 13.
Nc4 Nce5 14. Ncxe5 Nxe5 15. Nxe5 Bxe5 16. Bh6 Bg7 17. Bxg7 Kxg7 18. Rad1 Bb7
$11 {Vooremaa,A-Holmsten,A/Kuopio 1993/EXT 98}) 12... Nce5 (12... Be6 13. Bf4
Qc8 14. Bf1 b5 15. Ne3 c4 16. Bg2 Nxe3 17. Rxe3 b4 18. e5 Bd5 $15 {Tringov,
G-Petursson,M/Buenos Aires 1978/MCD}) (12... b6 13. h3 Ba6 $6 14. Bf4 e5 15.
Bg5 Rd7 $2 16. Bf1 b5 $2 17. Na3 $16 {Mach,H-Pape,J/BL2-N9596/1996}) (12...
Nge5 13. Nfxe5 {führt zur selben Stellung.}) 13. Nfxe5 Nxe5 14. Bf4 b6 (14...
b5 15. Ne3 e6 16. a4 bxa4 (16... Bd7 17. axb5 Bxb5 18. Ng4 h5 19. Nxe5 Bxe5 20.
Be3 (20. Bxe5 Qxe5 21. f4 Qc7 22. e5 Bc6) 20... Bd3 $11 {Todorcevic,M-Jovicic,
M/Belgrade 1991/EXT 98}) 17. Rxa4 Bd7 18. Ra2 Qb7 19. Bg5 f6 20. Bf4 Nf7 21. e5
Bc6 22. Bxc6 Qxc6 23. exf6 Bxf6 24. Ng4 $14 {Golovin,L-Daniliuk,S/Voronez 1991/
CBM 22 ext}) 15. Bxe5 (15. Rad1 Ba6 16. Ne3 e6 17. Ng4 Bb7 18. Qe2 a5 19. h4
Ba6 20. Qc2 h5 $6 21. Nxe5 Bxe5 22. Bg5 Rxd1 23. Rxd1 b5 24. g4 $36 {Kahn,
E-Grabics,M/Zalakaros 1995/EXT 97}) 15... Bxe5 16. f4 Bg7 17. e5 Bb7 18. Rad1
Bxg2 19. Qxg2 Rxd1 20. Rxd1 Rd8 21. Rd5 Bf8 22. Qd2 Rxd5 23. Qxd5 $14 {
Quinteros,M-Petursson,M/Lone Pine 1980/MCD}) 11... Ng4 12. Nc4 (12. Nf1 Nce5
13. Nxe5 Nxe5 14. Bf4 Bd7 15. Ne3 e6 16. Bxe5 Bxe5 17. f4 Bg7 18. e5 Rab8 19.
Rad1 $14 {Kahn,E-Dragojlovic,A/Budapest Schneider mem op 1991}) 12... b6 (12...
Nge5 13. Nfxe5 Nxe5 14. Bf4 Be6 15. Ne3 Qa5 16. Nd5 Rd7 17. h3 Rc8 18. Bg5 Bxd5
19. exd5 c4 20. h4 $14 {Strikovic,A-Mascarinas,R/Geneve 1991/CBM 21 ext}) 13.
Bf4 (13. h3 Nge5 14. Ncxe5 Nxe5 15. Nxe5 Bxe5 16. f4 (16. Be3 Bb7 17. Rad1 {
1/2-1/2 Weindl,A-Zueger,B/Bad Ragaz 1991/TD}) 16... Bg7 17. Be3 Bb7 18. Rad1 h5
$11 {D'Amore,C-Petursson,M/Cattolica 1994/EXT 97}) 13... Nge5 (13... e5 $6 {
[%csl Rd5]} 14. Bg5 f6 15. Bc1 Bh6 16. h3 Bxc1 17. Raxc1 Nh6 18. Ne3 Be6 19.
Nd5 $1 $14 {Kahn,E-Csoke,A/Budapest 1994/EXT 99}) 14. Nfxe5 Nxe5 15. Ne3 e6 16.
Bg5 Rd7 $1 17. f4 h6 $1 18. Bh4 Nd3 19. Red1 Ba6 $1 20. c4 Ne5 $1 21. fxe5
Rxd1+ 22. Rxd1 g5 $11 {Vogt-Petursson/San Bernadino op/1990}) 10. a3 $146 {
[%cal Yb2b4]} ({Dem ehrgeizigen} 10. e5 {hat Malaniuk offenbar nicht vertraut.}
Ng4 11. e6 $6 (11. d4) 11... fxe6 (11... Bxe6 12. Rxe6 fxe6 13. Ng5 Nxf2 14.
Kxf2 Rf8+ 15. Kg1 Qd6 $13) 12. Ng5 e5 13. Bh3 h5 14. Ndf3 Qb6 15. Qe2 Rf8 16.
Rf1 Qa6 17. Nh4 e4 (17... Rf6 $17) 18. Nxg6 Qxd3 19. Qxd3 exd3 20. Nxf8 Kxf8
21. f3 $16 {Davies,N-Hoelzl,F/Budapest,Noviki-B/1987}) 10... dxe4 11. dxe4 Ng4
$11 {[%csl Gd3][%cal Yg4e5] Schwarz ist der Petursson´schen Idee gefolgt;
a2-a3 ist in diesem Kontext sicher kein besonders furchterregender Zug.} 12.
Qe2 Nge5 {Grundsätzlich ist das konsequent; Schwarz konnte hier aber noch
warten: vielleicht spielt Weiß ja 13.h3.} (12... b6 $5 {wäre mehr im Sinne der
oben von Petursson gezeigten Verteidigungsidee.}) 13. Nc4 Be6 {Schwarz klärt
die Spannung im Zentrum. Es ist aber lehrreich, Peturssons
Eröffnungsbehandlung zu beobachten. Er zog zuletzt den B lieber nach b7 oder
a6. Auf e6 bildet der B eventuell ein Ziel für die vorwärts marschierenden
weißen Zentralbauern. Auf der Diagonale a8-h1 könnte er dagegen den Bg2
neutralisieren.} (13... Nd3 14. Rd1 Nxc1 15. Rxd8+ Nxd8 16. Rxc1 b6) (13... b6
$5) 14. Ncxe5 Nxe5 15. Nxe5 Bxe5 16. Be3 {[%cal Yf2f4]} Qa5 $2 {Die Qa5 findet
hier keine Ziele; sie verliert auch den Kontakt zu den anderen Figuren.} (16...
Bb3 17. Qb5 c4 18. f4 Bg7 19. e5 $14) 17. f4 Bg7 18. Qf2 $1 b6 {[%csl Ra5]} (
18... Rac8 {wäre ein Eingeständnis, aber ein tragbares.} 19. e5 Qc7 $14) 19. f5
Bb3 20. Bg5 f6 21. Bf4 {[%csl Ra5][%cal Ye4e5]} Qa4 $2 {soll die Q zurück ins
Leben bringen.} (21... a6 $5 22. e5 $140 Ra7) 22. h4 $2 (22. e5 {Weiß konnte
anscheinend gleich zur Sache gehen:} Bd5 $8 23. exf6 exf6 24. Bc7 Bxg2 (24...
Rd7 25. Bxd5+ Rxd5 26. Qg2 Qb3 27. c4 Qxc4 28. Rad1 $18) 25. Bxd8 Bb7 26. Qe2
Rxd8 27. Qe6+ Kh8 28. Qe7 $18) 22... e5 $2 (22... Re8) 23. fxe6 Bxe6 (23...
Rac8 24. e7 Re8 25. Bh3 Ra8 26. Bd6 $18) 24. e5 Bd5 25. exf6 Bxg2 26. f7+ (26.
fxg7 Be4 (26... Bb7 27. Bh6 Qc6 28. Kh2 $18 {[%cal Re1f1]}) 27. Bh6 Bf5 (27...
Qc4 28. Rf1 Bf5) 28. Re7 Re8 29. Qe3 Qd7 30. Re1 Rxe7 31. Qxe7 Qxe7 32. Rxe7
$18) 26... Kxf7 27. Bg5+ Kg8 28. Bxd8 Bd5 29. Bf6 $2 {Angesichts des
Röntgenläufers Bd5 war Genauigkeit gefragt.} (29. Be7 Qg4 (29... Re8 30. Bf6 {
Oberflächlich betrachtet, könnte man meinen, daß Schwarz ein Tempo (Re8)
gewonnen hat; dem ist aber nicht so: die Qa4 ist jetzt an den Re8 gebunden.}
Bxf6 (30... Rf8 31. Qd2 Bb7 32. Bxg7 Qc6 33. Kh2 Kxg7 34. Re7+ $18) 31. Qxf6 (
31. Rxe8+ $2 Qxe8 32. Qxf6 Qe4 $11) 31... Rf8 32. Qd6 $18) 30. Rad1 Bb7 31. Bd8
$18) 29... Bxf6 30. Qxf6 Qg4 31. Re3 (31. Qf2 $2 Rf8 32. Qh2 Rf3 $19) 31... Qh3
32. Rf3 {traurige Notwendigkeit} Bxf3 33. Qxf3 Rf8 34. Qd5+ Rf7 35. Qe5 Qf5 36.
Qxf5 Rxf5 $11 37. Rd1 Rf7 38. a4 Kf8 39. Kg2 Ke7 40. Rd5 Ke6 41. c4 Rf8 42. b3
Rf5 43. Rd8 Rf7 44. g4 Ke5 45. g5 Ke4 46. Rd6 Ke5 47. Rd1 Ke4 48. Rd6 Ke5 49.
Rd2 Ke4 1/2-1/2

[Event "URS-ch58"]
[Site "Moscow"]
[Date "1991.??.??"]
[Round "7"]
[White "Titov, German1"]
[Black "Ulybin, Mikhail"]
[Result "0-1"]
[WhiteElo "2505"]
[BlackElo "2565"]
[Annotator "Horn,Pe"]
[PlyCount "108"]
[EventDate "1991.11.??"]
[EventType "swiss"]
[EventRounds "11"]
[EventCountry "URS"]
[SourceTitle "URS-ch"]
[Source "ChessBase"]
[SourceDate "1999.07.01"]
[SourceVersion "1"]
[SourceVersionDate "1999.07.01"]
[SourceQuality "1"]

1. e4 e6 2. d3 d5 3. Nd2 c5 4. Ngf3 Nc6 5. g3 g6 6. Bg2 Bg7 7. O-O Nge7 8. Re1
h6 9. h4 b6 10. c3 a5 11. exd5 (11. a4 Ra7 12. Nf1 d4 {Ljubojevic-Kasparov})
11... exd5 12. d4 (12. Nf1 $5) 12... O-O (12... cxd4 13. Nxd4 Nxd4 14. cxd4 O-O
(14... Bxd4 $2 15. Qa4+) 15. Nc4 $13) 13. dxc5 (13. Nf1 $5 cxd4 14. Nxd4 Nxd4
15. cxd4 Nf5 16. Ne3) (13. Nb3 $2 a4) 13... bxc5 14. Nb3 c4 15. Nbd4 Bg4 $1 {
Ein Nachteil von h4/h6: Die Möglichkeit h3 fehlt.} 16. Be3 Ne5 17. Qd2 Bxf3 18.
Bxf3 (18. Nxf3 Nd3 19. Red1 Nf5 $17) 18... Nxf3+ 19. Nxf3 Nf5 20. Bf4 (20. Bd4
$10) 20... d4 21. cxd4 Qd5 $5 {spielt auf Gewinn} (21... Nxd4 22. Nxd4 Qxd4 23.
Qxd4 Bxd4 24. Be5 $10) 22. Qd1 Rfe8 23. Be5 f6 24. Bf4 g5 25. hxg5 hxg5 26. Be3
Rab8 27. b3 $6 (27. Rb1 g4 28. Nh2 (28. Nd2 Nxe3 29. fxe3 f5 $44) 28... Nxe3
29. Rxe3 Rxe3 30. fxe3 f5 $44) 27... c3 28. Rc1 Rbc8 29. Nh2 Red8 30. Rc2 Rd6 (
30... Nxd4 $2 31. Bxd4 Qxd4 32. Re8+ Bf8 33. Qxd4 Rxd4 34. Rxc8 $18) 31. Qh5
Qe4 32. Rce2 Qe8 33. Qg4 (33. Qxe8+ Rxe8 $17) 33... Qd7 34. Rc2 Ne7 35. Qh5 Nd5
36. Ng4 Nb4 37. Rce2 Qf7 38. Qh3 Re8 39. Bc1 Rxe2 40. Rxe2 Rxd4 41. Ne3 g4 42.
Qg2 (42. Nxg4 Rd1+ $19) 42... Qd7 43. Qa8+ Bf8 44. Kg2 Qb5 45. Re1 Qc6+ 46.
Qxc6 Nxc6 47. Rd1 Rxd1 48. Nxd1 c2 49. Nc3 (49. Ne3 Nb4 (49... Nd4 50. Kf1 (50.
Nxg4 Ne2 $19) 50... f5 {/\ Bb4-+ Zugzwang}) 50. Bd2 (50. Bb2 Nd3) 50... Bh6 51.
a3 Nd3) 49... Nb4 50. Bd2 Nd3 51. Ne2 Bb4 52. Be3 Kh7 53. Nc1 Nxc1 54. Bxc1 Bf8
0-1

[Event "URS-ch58"]
[Site "Moscow"]
[Date "1991.??.??"]
[Round "8"]
[White "Korzubov, Peter"]
[Black "Naumkin, Igor"]
[Result "1-0"]
[WhiteElo "2455"]
[BlackElo "2490"]
[Annotator "Horn,Pe"]
[PlyCount "57"]
[EventDate "1991.11.??"]
[EventType "swiss"]
[EventRounds "11"]
[EventCountry "URS"]
[SourceTitle "URS-ch"]
[Source "ChessBase"]
[SourceDate "1999.07.01"]
[SourceVersion "1"]
[SourceVersionDate "1999.07.01"]
[SourceQuality "1"]

1. Nf3 e6 2. g3 d5 3. Bg2 c5 4. O-O Nc6 5. d3 Nf6 6. Nbd2 e5 $6 {Damit spielt
Schwarz eine Königsindische Variante mit 2 Minustempi.} (6... Be7 7. e4) 7. e4
d4 8. Nc4 Qc7 9. a4 Bg4 10. h3 Bh5 11. g4 Bg6 12. Nh4 Nd7 13. f4 (13. Nf5 $5)
13... exf4 14. e5 (14. Bxf4 Nde5 15. Nf5 $14) 14... Ncxe5 15. Bxf4 Bd6 16. Qe1
O-O 17. Nxd6 Qxd6 18. Qg3 (18. Bxb7 $6 Rab8 19. Bg2 Rxb2) 18... Rae8 19. Rae1
b6 20. Re2 c4 $2 (20... Re7 21. Rfe1 Rfe8 $13) 21. Rfe1 cxd3 22. cxd3 (22. Rxe5
Nxe5 23. Bxe5 d2 24. Bxd6 dxe1=Q+ 25. Qxe1 (25. Kh2 Qxg3+ 26. Kxg3 Re3+ $19)
25... Rxe1+ 26. Kf2 Rfe8 $19) 22... f6 23. g5 $1 $16 fxg5 $6 (23... Kh8 $8 24.
gxf6 gxf6 25. Nxg6+ hxg6 26. Qxg6 Nxg6 27. Bxd6 Rxe2 28. Rxe2 $16) (23... Qc5
$6 24. gxf6 gxf6 25. b4 $1 Qxb4 26. Nxg6 hxg6 27. Bxe5 Nxe5 28. Rxe5 Rxe5 29.
Qxg6+ Kh8 30. Rxe5 Qb1+ 31. Kh2 fxe5 32. Qh6+ Kg8 33. Bd5+ Rf7 34. Qg6+ $18) (
23... Re6 $6 24. gxf6 gxf6 25. Nf5 Qc5 26. b4 $1 Qxb4 27. Bd5 $18) 24. Bxe5
Nxe5 25. Nxg6 Nf3+ (25... hxg6 26. Rxe5 $18) 26. Qxf3 $1 {die Pointe} Rxf3 27.
Rxe8+ Kf7 28. Nh8+ Kf6 29. R8e6+ 1-0

[Event "Dortmund op-A"]
[Site "Dortmund"]
[Date "1992.??.??"]
[Round "7"]
[White "Dolmatov, Sergey"]
[Black "Sinowjew, Juri"]
[Result "1/2-1/2"]
[WhiteElo "2595"]
[BlackElo "2310"]
[Annotator "Horn,Pe"]
[PlyCount "67"]
[EventDate "1992.04.??"]
[EventType "swiss"]
[EventRounds "11"]
[EventCountry "GER"]
[SourceTitle "CBM 029"]
[Source "ChessBase"]
[SourceDate "1992.08.01"]
[SourceVersion "1"]
[SourceVersionDate "1992.08.01"]
[SourceQuality "1"]

1. e4 c5 2. Nf3 e6 3. d3 d5 4. Nbd2 Nc6 5. g3 Bd6 6. Bg2 Nge7 7. O-O d4 (7...
O-O 8. Nh4 b6 9. f4 dxe4 $6 10. dxe4 Ba6 11. Re1 $14 {Dolmatov-Lautier,
Polanica Zdroj 1991 ->CBM26}) 8. a3 (8. Nc4 $5 e5 9. Nh4 O-O 10. f4 f6 (10...
exf4 $5 11. gxf4 f5 $13) 11. f5 $14 {Cuartas-van Seters, Nice ol 1974}) (8. Nh4
Ng6) 8... e5 9. Nh4 O-O (9... Ng6 $6 10. Nf5) 10. f4 exf4 $1 11. gxf4 f5 12.
Qe1 Be6 (12... fxe4 {><f4} 13. Qxe4 $13) 13. exf5 Bxf5 14. Nxf5 Nxf5 15. Qe6+
Kh8 16. Ne4 Qc7 {/\ Rae8} 17. Nxd6 Nxd6 18. Bd2 Rae8 19. Qd5 (19. Qg4 $1 $13)
19... Ne7 $1 20. Qh5 Nef5 $15 21. Rae1 Ne3 22. Bxe3 Rxe3 23. Rxe3 dxe3 24. c3 (
24. f5 $2 Qe7 $17) 24... b6 (24... Qe7 $5 25. Qxc5 $6 (25. Qf3 e2 26. Re1 Re8)
25... e2 26. Re1 Rxf4 27. Be4 $2 (27. Bxb7 Qxb7 28. Qxd6 Qf3 $19) 27... Nxe4 $1
28. Qxe7 (28. Qc8+ Rf8) 28... Rg4+ 29. Kh1 Nf2#) 25. Qf3 Qe7 26. Re1 Re8 27.
Re2 h6 28. Qh3 Qf6 29. Rxe3 Qxf4 30. Rxe8+ Nxe8 31. Qf3 Qc1+ 32. Qf1 Qe3+ 33.
Qf2 Qc1+ 34. Qf1 1/2-1/2

[Event "RUS-Cup3"]
[Site "Omsk"]
[Date "1996.??.??"]
[Round "8"]
[White "Uskova, Fliura"]
[Black "Zemerov, Vladimir"]
[Result "1-0"]
[WhiteElo "2310"]
[BlackElo "2400"]
[Annotator "Horn,Pe"]
[PlyCount "51"]
[EventDate "1996.12.13"]
[EventType "swiss"]
[EventRounds "9"]
[EventCountry "RUS"]
[SourceTitle "CBM 057"]
[Source "ChessBase"]
[SourceDate "1997.04.01"]
[SourceVersion "1"]
[SourceVersionDate "1997.04.01"]
[SourceQuality "1"]

1. e4 c5 2. Nf3 e6 3. d3 Nc6 4. g3 g6 5. Bg2 Bg7 6. O-O Nge7 7. Nbd2 d5 8. exd5
exd5 9. Nb3 b6 10. c3 O-O 11. d4 $146 {Nun wird der Bc1 eingesperrt, weswegen
man Bf4 den Vorzug gibt. Es ist aber zu beachten, daß der Bf4 sich sowieso auf
Dauer wegen des Standardmanövers h6/f6/g5 nicht dort behaupten kann.} (11. Bf4
h6 12. h4 Bg4 $1 (12... Kh7 13. d4 c4 14. Nbd2 Bf5 15. Nh2 $14 {
Vasiukov-Taimanov, URS-ch 66}) (12... Bf5 13. d4 c4 14. Nbd2 f6 15. Re1 g5 16.
Be3 Qd7 17. Nf1 b5 18. Bc1 a5 $132 {Ruge,E-Zapata,A/COL-ch/1995}) 13. Qd2 (13.
d4 $6 cxd4 14. Nbxd4 Nxd4 15. cxd4 Nc6 $15) 13... Kh7 14. Rfe1 (14. Nh2 $5)
14... Qd7 15. d4 c4 16. Nc1 f6 17. Ne2 $6 (17. Nh2) 17... g5 $15 {Perez Garcia,
H-Dgebuadze,A/Groningen op/1990}) 11... c4 12. Nbd2 Bf5 13. Ne1 {[%csl Rd5]
[%cal Ye1c2,Yc2e3] Schwarz ist deutlich besser entwickelt. Wenn er jedoch
daraus keinen direkten Nutzen ziehen kann, muß er mit der Tatsache leben, daß
die Bauernstruktur für Weiß spricht: er hat ein Angriffsziel (Pd5), Schwarz
dagegen nicht.} Qd7 14. Nc2 Bh3 15. Bxh3 Qxh3 16. Ne3 Nf5 $4 {Irgendwas muß
sich Schwarz dabei gedacht haben: aber was ?} 17. Ng2 $4 (17. Nxd5 $18 {
[%cal Rd5f4]}) 17... Nfe7 18. Re1 Qd7 19. Nf1 Nf5 20. Nfe3 Nxe3 21. Nxe3 b5 22.
Qf3 Rfd8 $4 {Ein erstaunliches Übersehen.} (22... Rfe8 {Die folgende Variante
ist in keiner Weise erzwungen: sie soll nur demonstrieren, wie sich das Spiel
entwickeln könnte.} 23. Bd2 Rad8 24. Ng2 b4 25. Rxe8+ Rxe8 26. Re1 Rxe1+ 27.
Nxe1 a5 28. Nc2 $14 {[%csl Rd5]}) 23. Nxd5 {Diese Kombination hat wohl fast
jeder Leser von Schachzeitschriften schon mal in der einen oder anderen Form
gesehen.} Re8 (23... Qxd5 24. Re8+ $18) 24. Bg5 f5 25. Nf6+ Bxf6 26. Bxf6 1-0